Ponencias /
Saved in:
| Main Author: | |
|---|---|
| Corporate Authors: | , |
| Format: | Text |
| Subjects: | |
| Tags: |
Add Tag
No Tags, Be the first to tag this record!
|
MARC
| LEADER | 00000 a a2200000 04500 | ||
|---|---|---|---|
| 001 | 29293 | ||
| 003 | |||
| 040 | |a CRAI/IIS |c CRAI/IIS | ||
| 090 | |a 191703 | ||
| 100 | |a Grimson, Alejandro | ||
| 110 | |a Instituto de Desarrollo Económico y Social | ||
| 245 | |a Ponencias / |c Instituto de Desarrollo Económico y Social | ||
| 650 | |a POBLACION INDIGENA | ||
| 650 | |a ETNICIDAD | ||
| 650 | |a MOVIMIENTOS SOCIALES | ||
| 650 | |a IDENTIDAD NACIONAL | ||
| 650 | |a NACION | ||
| 650 | |a ECUADOR | ||
| 710 | |a IDES |a CLACSO. Grupo de Trabajo Cultura y Poder | ||
| 999 | |c 3057 |d 3057 | ||
